[Event "Mittelfrank Regionalliga Sud-Ost 2122"]
[Site "Mittelfranken"]
[Date "2022.05.15"]
[Round "5.7"]
[White "Liesecke, Christian"]
[Black "Geller, Arpad"]
[Result "0-1"]
[WhiteElo "1956"]
[BlackElo "2047"]
[PlyCount "72"]
[EventDate "2021.10.24"]
[EventType "team-tourn"]
[EventRounds "9"]
[EventCountry "GER"]
[SourceTitle "EXT 2024"]
[Source "ChessBase"]
[SourceDate "2023.10.10"]
[SourceVersion "1"]
[SourceVersionDate "2023.10.10"]
[SourceQuality "1"]
[WhiteTeam "Neuburg"]
[BlackTeam "Passau II"]
[WhiteTeamCountry "GER"]
[BlackTeamCountry "GER"]

1. d4 d5 2. c4 e6 3. Nc3 c5 4. e3 Nf6 5. Nf3 Nc6 6. a3 a6 7. dxc5 Bxc5 8. b4 Be7 9. cxd5 exd5 10. Ra2 Be6 11. Rd2 Qc7 12. Bb2 0-0 13. Be2 Rad8 14. 0-0 Qb8 15. Qb1 Bd6 16. Rfd1 Rd7 17. h3 Ne5 18. Ng5 h6 19. Nxe6 fxe6 20. b5 axb5 21. Bxb5 Rdf7 22. f4 Nc6 23. Qg6 Qa7 24. Re2 Ne7 25. Qd3 Bxf4 26. Qd4 Bb8 27. a4 Qa5 28. g4 Qc7 29. Rg2 Ng6 30. Be2 Nh4 31. Nb5 Qc2 32. Na3 Qe4 33. Rf2 Bg3 34. Qxe4 Bxf2+ 35. Kxf2 Nxe4+ 36. Kg1 Rf2 0-1

[Event "Wch Seniors 65 29th"]
[Site "Bucharest"]
[Date "2019.11.16"]
[Round "5"]
[White "Van Herck, Marcel"]
[Black "Geller, Arpad"]
[Result "1-0"]
[WhiteElo "2116"]
[BlackElo "2253"]
[PlyCount "93"]
[EventDate "2019.11.12"]
[EventType "swiss"]
[EventRounds "11"]
[EventCountry "ROU"]
[SourceTitle "CBM 193 Extra"]
[Source "ChessBase"]
[SourceDate "2020.01.31"]
[SourceVersion "1"]
[SourceVersionDate "2020.01.31"]
[SourceQuality "1"]

1. e4 e5 2. f4 Bc5 3. Nf3 d6 4. Nc3 Nc6 5. Bb5 Bg4 6. d3 a6 7. Bxc6+ bxc6 8. h3 Bd7 9. Qe2 Qe7 10. Be3 Bb4 11. fxe5 dxe5 12. 0-0 Nf6 13. Qf2 Nh5 14. Ne2 Bd6 15. Qh4 Qxh4 16. Nxh4 0-0 17. Nf5 Bxf5 18. Rxf5 Nf6 19. g4 Nd7 20. Kg2 g6 21. Rf3 Kg7 22. Raf1 h6 23. h4 Be7 24. Kh3 Nf6 25. Bxh6+ Kxh6 26. g5+ Kh7 27. gxf6 Bd8 28. Kg4 Rb8 29. b3 c5 30. Nc3 Rb6 31. Na4 Rc6 32. Nb2 Kh6 33. Nc4 Re8 34. Na5 Rb6 35. Nc4 Rc6 36. h5 Ree6 37. hxg6 Kxg6 38. Rf5 Bxf6 39. R1f3 Re7 40. Ne3 Rd7 41. Nc4 Re7 42. Rh3 Rce6 43. Ne3 Re8 44. Rfh5 Kg7 45. Nd5 Bd8 46. Rh7+ Kg8 47. Kf5 1-0

[Event "Wch Seniors 65 29th"]
[Site "Bucharest"]
[Date "2019.11.15"]
[Round "4"]
[White "Geller, Arpad"]
[Black "Mayer, Roland1111"]
[Result "1/2-1/2"]
[WhiteElo "2253"]
[BlackElo "2078"]
[PlyCount "30"]
[EventDate "2019.11.12"]
[EventType "swiss"]
[EventRounds "11"]
[EventCountry "ROU"]
[SourceTitle "CBM 193 Extra"]
[Source "ChessBase"]
[SourceDate "2020.01.31"]
[SourceVersion "1"]
[SourceVersionDate "2020.01.31"]
[SourceQuality "1"]

1. d4 Nf6 2. c4 g6 3. Nc3 Bg7 4. Nf3 0-0 5. e3 d6 6. Be2 Nbd7 7. 0-0 e5 8. b4 e4 9. Nd2 Re8 10. Qb3 Nf8 11. a4 h5 12. Ba3 N8h7 13. Rac1 Bf5 14. b5 Ng5 15. Rce1 h4 1/2-1/2

[Event "Regionalliga Sued-Ost 1819"]
[Site "Bayern"]
[Date "2019.02.03"]
[Round "6.8"]
[White "Hartmann, Martin"]
[Black "Geller, Arpad"]
[Result "0-1"]
[WhiteElo "1700"]
[BlackElo "2063"]
[PlyCount "96"]
[EventDate "2018.10.21"]
[EventType "team-tourn"]
[EventRounds "9"]
[EventCountry "GER"]
[SourceTitle "EXT 2022"]
[Source "ChessBase"]
[SourceDate "2021.10.06"]
[SourceVersion "1"]
[SourceVersionDate "2021.10.06"]
[SourceQuality "1"]
[WhiteTeam "Grafenau"]
[BlackTeam "Passau II"]
[WhiteTeamCountry "GER"]
[BlackTeamCountry "GER"]

1. e4 e5 2. Nf3 Nc6 3. Bc4 Bc5 4. 0-0 Nf6 5. d3 d6 6. Bg5 h6 7. Be3 Bb6 8. c3 Ne7 9. Nbd2 Ng6 10. Bxb6 axb6 11. Qc2 0-0 12. d4 Nh5 13. dxe5 dxe5 14. Rfd1 Qf6 15. Be2 Nhf4 16. Nf1 Nxe2+ 17. Qxe2 Be6 18. b3 Nf4 19. Qe3 Rfd8 20. Rxd8+ Rxd8 21. Ne1 Qg6 22. Kh1 Rd3 23. Qc1 Qxe4 24. Ne3 Bh3 25. Qc2 Rxe3 26. Qxe4 Rxe4 27. gxh3 Nxh3 28. Kg2 Ng5 29. Nd3 f6 30. Rd1 Rg4+ 31. Kf1 Rh4 32. Nb4 Kf7 33. Rd7+ Kg6 34. Nd5 e4 35. Ne7+ Kh5 36. Nf5 Rxh2 37. Rxg7 Rh1+ 38. Kg2 Ra1 39. Rxc7 Kg4 40. Ne3+ Kf4 41. Rxb7 Nf3 42. Nf1 h5 43. Rxb6 f5 44. Rh6 h4 45. a4 Kg4 46. Ne3+ Kg5 47. Rh8 h3+ 48. Kxh3 Rh1+ 0-1

[Event "Regionalliga Sued-Ost 1819"]
[Site "Bayern"]
[Date "2018.11.25"]
[Round "3.7"]
[White "Zeindlmeier, Thomas"]
[Black "Geller, Arpad"]
[Result "1/2-1/2"]
[WhiteElo "1911"]
[BlackElo "2063"]
[PlyCount "140"]
[EventDate "2018.10.21"]
[EventType "team-tourn"]
[EventRounds "9"]
[EventCountry "GER"]
[SourceTitle "EXT 2022"]
[Source "ChessBase"]
[SourceDate "2021.10.06"]
[SourceVersion "1"]
[SourceVersionDate "2021.10.06"]
[SourceQuality "1"]
[WhiteTeam "Ingolstadt"]
[BlackTeam "Passau II"]
[WhiteTeamCountry "GER"]
[BlackTeamCountry "GER"]

1. e4 e5 2. Nf3 Nc6 3. d4 exd4 4. Nxd4 Qh4 5. Nc3 Bb4 6. Be2 Qxe4 7. Ndb5 Bxc3+ 8. bxc3 Kd8 9. 0-0 Nge7 10. Re1 d6 11. Bd3 Qg4 12. f3 Qh5 13. c4 a6 14. Nc3 Be6 15. Be3 b6 16. Ne4 Ke8 17. Qe2 h6 18. Ng3 Qh4 19. f4 Kf8 20. Rf1 Bg4 21. Qf2 Re8 22. Rae1 Bd7 23. Qd2 f5 24. c3 Qf6 25. Ne2 Kf7 26. c5 bxc5 27. Bxa6 Be6 28. a4 Ra8 29. Bb5 Na5 30. Bd3 Nc4 31. Bxc4 Bxc4 32. Ra1 Nd5 33. Rfe1 Rhe8 34. Bf2 c6 35. Ng3 Rxe1+ 36. Bxe1 g6 37. a5 Qd8 38. Qb2 Rb8 39. Qa3 Ra8 40. Qa4 Bb5 41. Qa2 c4 42. Bd2 Qe7 43. Kf1 Qa7 44. Qb2 Qc7 45. Qa3 c5 46. Kf2 Ne7 47. Nf1 Nc6 48. Ne3 Rxa5 49. Qc1 Rxa1 50. Qxa1 Qa5 51. Qb1 Ne7 52. g4 fxg4 53. Nxg4 Nf5 54. Qe4 Bd7 55. Qd5+ Be6 56. Qb7+ Kf8 57. Qh7 Qd8 58. Qxg6 Qh4+ 59. Kg1 Ke7 60. Qh7+ Kd8 61. Qh8+ Kc7 62. Nf6 Bf7 63. Ne8+ Kd7 64. Nf6+ Ke6 65. Ne4 Qg4+ 66. Kf2 Qh3 67. Qc8+ Ke7 68. Qc7+ Kf8 69. Qd8+ Kg7 70. Qd7 Kf8 1/2-1/2

[Event "Regionalliga Sued-Ost 1819"]
[Site "Bayern"]
[Date "2018.10.21"]
[Round "1.8"]
[White "Heiduk, Christoph"]
[Black "Geller, Arpad"]
[Result "1-0"]
[WhiteElo "1855"]
[BlackElo "2063"]
[PlyCount "65"]
[EventDate "2018.10.21"]
[EventType "team-tourn"]
[EventRounds "9"]
[EventCountry "GER"]
[SourceTitle "EXT 2022"]
[Source "ChessBase"]
[SourceDate "2021.10.06"]
[SourceVersion "1"]
[SourceVersionDate "2021.10.06"]
[SourceQuality "1"]
[WhiteTeam "Bayerwald Regen/Zwiesel"]
[BlackTeam "Passau II"]
[WhiteTeamCountry "GER"]
[BlackTeamCountry "GER"]

1. d4 d5 2. c4 e6 3. Nc3 c5 4. cxd5 exd5 5. Nf3 Nc6 6. g3 Nf6 7. Bg2 Be7 8. 0-0 h6 9. h3 0-0 10. Be3 c4 11. Ne5 Re8 12. Qd2 Bf8 13. f4 a6 14. a4 Be6 15. g4 Qd6 16. Bf2 Rac8 17. Bg3 Ne4 18. Bxe4 dxe4 19. e3 f5 20. Qg2 Ne7 21. Bf2 Nd5 22. gxf5 Bxf5 23. Nxe4 Qe6 24. Kh2 b5 25. axb5 axb5 26. Rac1 b4 27. Rg1 c3 28. bxc3 bxc3 29. Nc5 Qd6 30. Qf3 Rxc5 31. dxc5 Qxc5 32. e4 Bxe4 33. Bxc5 1-0

[Event "Niederbayernliga 1516"]
[Site "Bayern"]
[Date "2016.01.17"]
[Round "5.3"]
[White "Geller, Arpad"]
[Black "Simin, Vladimir"]
[Result "1-0"]
[WhiteElo "2090"]
[BlackElo "1846"]
[PlyCount "79"]
[EventDate "2015.10.11"]
[EventType "team-tourn"]
[EventRounds "9"]
[EventCountry "GER"]
[SourceTitle "EXT 2023"]
[Source "ChessBase"]
[SourceDate "2022.10.05"]
[SourceVersion "1"]
[SourceVersionDate "2022.10.05"]
[SourceQuality "1"]
[WhiteTeam "Passau II"]
[BlackTeam "Ergolding"]
[WhiteTeamCountry "GER"]
[BlackTeamCountry "GER"]

1. d4 Nf6 2. c4 e6 3. g3 Bb4+ 4. Bd2 a5 5. Bg2 0-0 6. Nf3 d5 7. 0-0 Nbd7 8. a3 Bxd2 9. Nbxd2 c5 10. cxd5 exd5 11. dxc5 Nxc5 12. Nb3 Nce4 13. Qd4 a4 14. Nc5 Nxc5 15. Qxc5 Qa5 16. Rac1 Be6 17. Nd4 Qxc5 18. Rxc5 Rfc8 19. Rfc1 b6 20. Rc7 Bd7 21. e3 Kf8 22. Bf1 Rxc7 23. Rxc7 Rc8 24. Rxc8+ Bxc8 25. Bb5 Ke7 26. Bxa4 Kd6 27. Bb5 Ne4 28. Bd3 Bd7 29. f3 Nd2 30. b3 g5 31. g4 h5 32. h3 hxg4 33. hxg4 f5 34. gxf5 Ke5 35. Kf2 g4 36. fxg4 Ne4+ 37. Bxe4 Kxe4 38. f6 Be8 39. a4 Ke5 40. g5 1-0

[Event "Niederbayernliga 1516"]
[Site "Bayern"]
[Date "2015.11.15"]
[Round "3.2"]
[White "Grum, Theodor"]
[Black "Geller, Arpad"]
[Result "0-1"]
[WhiteElo "1825"]
[BlackElo "2090"]
[PlyCount "110"]
[EventDate "2015.10.11"]
[EventType "team-tourn"]
[EventRounds "9"]
[EventCountry "GER"]
[SourceTitle "EXT 2023"]
[Source "ChessBase"]
[SourceDate "2022.10.05"]
[SourceVersion "1"]
[SourceVersionDate "2022.10.05"]
[SourceQuality "1"]
[WhiteTeam "Grafenau"]
[BlackTeam "Passau II"]
[WhiteTeamCountry "GER"]
[BlackTeamCountry "GER"]

1. e4 e5 2. Nf3 Nc6 3. Bb5 a6 4. Ba4 d6 5. c3 Bd7 6. 0-0 Nge7 7. d4 Ng6 8. Be3 Be7 9. d5 Nb8 10. Bxd7+ Nxd7 11. Nbd2 h6 12. Kh1 Bg5 13. Nxg5 hxg5 14. Qg4 Nf4 15. Nf3 f6 16. Bxf4 exf4 17. Qe6+ Qe7 18. Nd4 Nf8 19. Qxe7+ Kxe7 20. f3 Kf7 21. b4 Rc8 22. b5 a5 23. Rab1 b6 24. h3 Ng6 25. Nc6 Rce8 26. Rbd1 Ne5 27. Nxe5+ Rxe5 28. Rd4 f5 29. Re1 Rhe8 30. Kg1 Kf6 31. Kf2 fxe4 32. fxe4 Rh8 33. Kf3 Rh4 34. Rc4 Re7 35. Rd1 g4+ 36. hxg4 Kg5 37. Re1 Rxg4 38. e5 Rg3+ 39. Kf2 dxe5 40. Ree4 Rd3 41. Rc6 Rxd5 42. c4 Rd2+ 43. Re2 Rxe2+ 44. Kxe2 Kf5 45. c5 bxc5 46. Rxc5 g5 47. Rc6 e4 48. Ra6 Re5 49. a4 g4 50. Rxa5 f3+ 51. gxf3 exf3+ 52. Kf1 Kf4 53. b6 cxb6 54. Ra6 Rc5 55. Ke1 Ke3 0-1

[Event "Niederbayernliga 1415"]
[Site "Bayern"]
[Date "2015.03.15"]
[Round "8.3"]
[White "Fuchsgruber, Helmut"]
[Black "Geller, Arpad"]
[Result "0-1"]
[WhiteElo "1766"]
[BlackElo "2075"]
[PlyCount "94"]
[EventDate "2014.10.19"]
[EventType "team-tourn"]
[EventRounds "9"]
[EventCountry "GER"]
[SourceTitle "EXT 2023"]
[Source "ChessBase"]
[SourceDate "2022.10.05"]
[SourceVersion "1"]
[SourceVersionDate "2022.10.05"]
[SourceQuality "1"]
[WhiteTeam "Landau Dingolfing"]
[BlackTeam "Passau II"]
[WhiteTeamCountry "GER"]
[BlackTeamCountry "GER"]

1. d4 d5 2. c4 e6 3. Nc3 c5 4. cxd5 exd5 5. Nf3 Nc6 6. g3 Nf6 7. Bg2 Be7 8. 0-0 0-0 9. b3 Bg4 10. dxc5 Bxc5 11. Bg5 d4 12. Bxf6 Qxf6 13. Ne4 Qe7 14. Nxc5 Qxc5 15. Rc1 Qd6 16. Qd2 Rad8 17. Rfd1 Rfe8 18. Qb2 Qf6 19. Rd2 Rd7 20. b4 h6 21. h3 Bxf3 22. Bxf3 Ne5 23. Bg2 Red8 24. f4 Nc6 25. Rcd1 Qe6 26. Rd3 Ne7 27. Kh2 Nf5 28. Bf3 Ne3 29. Rc1 Nc4 30. Qb3 b5 31. Bg4 f5 32. Bf3 g5 33. g4 Re7 34. e3 Nxe3 35. Rxe3 dxe3 36. Rc8 Rxc8 37. Bd5 Rc4 38. Qd3 e2 39. Bxe6+ Rxe6 40. Qd8+ Kf7 41. Qd7+ Kf6 42. Qd8+ Kf7 43. Qd7+ Re7 44. Qxf5+ Kg7 45. fxg5 e1Q 46. gxh6+ Kxh6 47. g5+ Kg7 0-1

[Event "Niederbayernliga 1415"]
[Site "Bayern"]
[Date "2015.01.31"]
[Round "6.4"]
[White "Geller, Arpad"]
[Black "Koenigl, Anton"]
[Result "1-0"]
[WhiteElo "2075"]
[BlackElo "1751"]
[PlyCount "92"]
[EventDate "2014.10.19"]
[EventType "team-tourn"]
[EventRounds "9"]
[EventCountry "GER"]
[SourceTitle "EXT 2023"]
[Source "ChessBase"]
[SourceDate "2022.10.05"]
[SourceVersion "1"]
[SourceVersionDate "2022.10.05"]
[SourceQuality "1"]
[WhiteTeam "Passau II"]
[BlackTeam "Ergolding"]
[WhiteTeamCountry "GER"]
[BlackTeamCountry "GER"]

1. d4 Nf6 2. Nf3 g6 3. c4 Bg7 4. Nc3 d6 5. e4 0-0 6. Be2 e5 7. d5 a5 8. Bg5 Na6 9. Nd2 Bd7 10. a3 Qe8 11. 0-0 h6 12. Bh4 Nh7 13. Qc2 f5 14. f3 h5 15. exf5 Bxf5 16. Nde4 Bh6 17. Bf2 b6 18. Bd3 Kg7 19. Rab1 Nc5 20. Nxc5 bxc5 21. b4 Bxd3 22. Qxd3 cxb4 23. axb4 axb4 24. Rxb4 Ra3 25. Rb7 Rf7 26. Qc2 Qa8 27. Qb2 Qa5 28. Ra7 Qxc3 29. Qxa3 Qxc4 30. Rd1 Nf6 31. Ra4 Qc2 32. Qa1 Ng4 33. Ra2 Qb3 34. fxg4 hxg4 35. Qb1 Qc4 36. Qc2 Qb5 37. Qd3 Qd7 38. Be3 Bf4 39. Rf2 g5 40. g3 Bxe3 41. Qxe3 Kh6 42. Rdf1 Rg7 43. Qe4 Rg6 44. Rf6 Qg7 45. Rxg6+ Qxg6 46. Qxg6+ Kxg6 1-0

[Event "Niederbayernliga 1415"]
[Site "Bayern"]
[Date "2014.11.23"]
[Round "3.3"]
[White "Geller, Arpad"]
[Black "Woitylak, Steffen"]
[Result "1/2-1/2"]
[WhiteElo "2075"]
[BlackElo "1939"]
[PlyCount "82"]
[EventDate "2014.10.19"]
[EventType "team-tourn"]
[EventRounds "9"]
[EventCountry "GER"]
[SourceTitle "EXT 2023"]
[Source "ChessBase"]
[SourceDate "2022.10.05"]
[SourceVersion "1"]
[SourceVersionDate "2022.10.05"]
[SourceQuality "1"]
[WhiteTeam "Passau II"]
[BlackTeam "Geiselhoering"]
[WhiteTeamCountry "GER"]
[BlackTeamCountry "GER"]

1. d4 f5 2. g3 Nf6 3. Bg2 c6 4. Nf3 e6 5. 0-0 Be7 6. c4 d5 7. b3 0-0 8. Ba3 Nbd7 9. Bxe7 Qxe7 10. Qc2 Ne4 11. Nfd2 Qf6 12. e3 Qh6 13. Nxe4 fxe4 14. Nc3 Nf6 15. Qe2 e5 16. cxd5 cxd5 17. h4 exd4 18. exd4 Bd7 19. Nd1 a6 20. a4 Rac8 21. Ne3 Rc3 22. Rab1 Rfc8 23. Rfe1 Qg6 24. Qd2 Qe8 25. Rec1 Rxc1+ 26. Rxc1 Rxc1+ 27. Qxc1 Qc8 28. Qxc8+ Bxc8 29. Kf1 Kf7 30. Ke2 Ke7 31. Kd2 Kd6 32. Kc3 Be6 33. Bf1 Ng4 34. Nd1 Nh2 35. Ne3 Ng4 36. Nd1 Nh2 37. Bg2 Ng4 38. Bh3 Nh6 39. Bf1 Ng4 40. Be2 Nh6 41. Ne3 Nf5 1/2-1/2

[Event "Niederbayernliga 1112"]
[Site "Bayern"]
[Date "2012.??.??"]
[Round "7"]
[White "Zepke, Armin"]
[Black "Geller, Arpad"]
[Result "1/2-1/2"]
[WhiteElo "2017"]
[BlackElo "2114"]
[PlyCount "131"]
[EventDate "2011.10.??"]
[EventType "team-tourn"]
[EventRounds "9"]
[EventCountry "GER"]
[SourceTitle "EXT 2023"]
[Source "ChessBase"]
[SourceDate "2022.10.05"]
[SourceVersion "1"]
[SourceVersionDate "2022.10.05"]
[SourceQuality "1"]
[WhiteTeam "Bayerwald Regen"]
[BlackTeam "Passau II"]
[WhiteTeamCountry "GER"]
[BlackTeamCountry "GER"]

1. d4 g6 2. Bf4 Nf6 3. e3 Bg7 4. Nf3 0-0 5. Be2 c5 6. c3 b6 7. h3 Bb7 8. 0-0 d6 9. Nbd2 Nbd7 10. Bh2 a6 11. a4 Qc7 12. Nc4 Bd5 13. Nfd2 Rab8 14. b4 Qb7 15. Bf3 Rfc8 16. Qb3 Bxf3 17. Nxf3 Qd5 18. Nfd2 cxd4 19. cxd4 b5 20. axb5 axb5 21. Na3 Qxb3 22. Nxb3 Nd5 23. Rab1 N7f6 24. Na1 Ne4 25. Rb2 Rc3 26. N1c2 Rd3 27. Nb1 Bh6 28. Re1 Nd2 29. Nca3 Nxb1 30. Nxb1 Ra8 31. Kf1 Ra4 32. Ke2 Rxb4 33. Rxb4 Nxb4 34. Nd2 Ra3 35. Rb1 Nd5 36. Kf3 Nc7 37. Rb2 Kf8 38. Nb1 Ra7 39. Nc3 Rb7 40. Ke4 Ke8 41. Kd3 Kd7 42. Bg3 f5 43. f3 Bg7 44. e4 Bh6 45. Be1 Rb8 46. Rb3 e6 47. Ne2 Ra8 48. Nc3 Ra1 49. Rb1 Rxb1 50. Nxb1 Kc6 51. Bf2 fxe4+ 52. fxe4 d5 53. exd5+ Nxd5 54. Ke4 b4 55. Be1 Kb5 56. Ke5 Kc4 57. Kxe6 Be3 58. Kf7 Bxd4 59. Kg8 Bc3 60. Bxc3 Nxc3 61. Nd2+ Kd3 62. Nb3 h5 63. Kg7 g5 64. Kg6 g4 65. Kxh5 gxh3 66. gxh3 1/2-1/2

[Event "Niederbayernliga 1112"]
[Site "Bayern"]
[Date "2011.??.??"]
[Round "3"]
[White "Strangmueller, Andreas"]
[Black "Geller, Arpad"]
[Result "0-1"]
[WhiteElo "1834"]
[BlackElo "2114"]
[PlyCount "44"]
[EventDate "2011.10.??"]
[EventType "team-tourn"]
[EventRounds "9"]
[EventCountry "GER"]
[SourceTitle "EXT 2023"]
[Source "ChessBase"]
[SourceDate "2022.10.05"]
[SourceVersion "1"]
[SourceVersionDate "2022.10.05"]
[SourceQuality "1"]
[WhiteTeam "Landshut II"]
[BlackTeam "Passau II"]
[WhiteTeamCountry "GER"]
[BlackTeamCountry "GER"]

1. d4 Nf6 2. c4 g6 3. Nc3 Bg7 4. e4 d6 5. Be2 0-0 6. Bg5 c5 7. d5 e6 8. Nf3 exd5 9. exd5 Re8 10. 0-0 Bf5 11. Nh4 h6 12. Nxf5 hxg5 13. Nxg7 Kxg7 14. Bd3 Nbd7 15. Qd2 Ne5 16. Rae1 Nh5 17. Ne2 g4 18. f4 gxf3 19. gxf3 Qh4 20. Rf2 f6 21. b3 Nxd3 22. Qxd3 Nf4 0-1

[Event "Regionalliga SO 0809"]
[Site "Bayern"]
[Date "2008.11.30"]
[Round "3.1"]
[White "Geller, Arpad"]
[Black "Riedel, Wolfgang"]
[Result "1/2-1/2"]
[WhiteElo "2133"]
[BlackElo "2209"]
[PlyCount "26"]
[EventDate "2008.10.05"]
[EventType "team-tourn"]
[EventRounds "9"]
[EventCountry "GER"]
[SourceTitle "EXT 2020"]
[Source "ChessBase"]
[SourceDate "2019.10.17"]
[SourceVersion "1"]
[SourceVersionDate "2019.10.17"]
[SourceQuality "1"]
[WhiteTeam "Passau II"]
[BlackTeam "Graefelfing"]
[WhiteTeamCountry "GER"]
[BlackTeamCountry "GER"]

1. d4 Nf6 2. c4 c5 3. e3 e6 4. Nc3 d5 5. Nf3 Nc6 6. Bd3 dxc4 7. Bxc4 a6 8. a4 Be7 9. 0-0 0-0 10. Qd3 cxd4 11. exd4 Nb4 12. Qe2 h6 13. Bf4 Nbd5 1/2-1/2

[Event "Regionalliga SO 0708"]
[Site "Bayern"]
[Date "2008.02.17"]
[Round "6.1"]
[White "Deues, Erik"]
[Black "Geller, Arpad"]
[Result "1/2-1/2"]
[WhiteElo "2034"]
[BlackElo "2129"]
[PlyCount "56"]
[EventDate "2007.10.21"]
[EventType "team-tourn"]
[EventRounds "9"]
[EventCountry "GER"]
[SourceTitle "EXT 2009"]
[Source "ChessBase"]
[SourceDate "2008.11.26"]
[SourceVersion "1"]
[SourceVersionDate "2008.11.26"]
[SourceQuality "1"]
[WhiteTeam "Germering"]
[BlackTeam "Passau II"]
[WhiteTeamCountry "GER"]
[BlackTeamCountry "GER"]

1. d4 Nf6 2. c4 g6 3. Nc3 Bg7 4. e4 d6 5. f3 0-0 6. Be3 e5 7. Nge2 c6 8. Qd2 Nbd7 9. 0-0-0 Qa5 10. Kb1 b5 11. cxb5 cxb5 12. Nd5 Qxd2 13. Nxf6+ Nxf6 14. Rxd2 a6 15. Nc3 Be6 16. Be2 Nh5 17. dxe5 dxe5 18. g3 f5 19. Rd6 Rfe8 20. Rhd1 Bf8 21. Rc6 f4 22. Bf2 fxg3 23. hxg3 Nf6 24. g4 Kf7 25. Bh4 Rec8 26. Rb6 Rcb8 27. Rc6 Rc8 28. Rb6 Rcb8 1/2-1/2

[Event "Niederbayernliga 0405"]
[Site "Germany"]
[Date "2005.??.??"]
[Round "8"]
[White "Geller, Arpad"]
[Black "Coduro, Otto"]
[Result "1/2-1/2"]
[WhiteElo "2114"]
[BlackElo "1976"]
[PlyCount "34"]
[EventDate "2004.??.??"]
[EventType "team"]
[EventRounds "9"]
[EventCountry "GER"]
[SourceTitle "EXT 2008"]
[Source "ChessBase"]
[SourceDate "2007.11.25"]
[SourceVersion "1"]
[SourceVersionDate "2007.11.25"]
[SourceQuality "1"]
[WhiteTeam "Passau II"]
[BlackTeam "Freyung"]
[WhiteTeamCountry "GER"]
[BlackTeamCountry "GER"]

1. d4 Nf6 2. c4 e6 3. g3 d5 4. Nf3 c6 5. Bg2 Be7 6. 0-0 0-0 7. Qc2 Nbd7 8. Nbd2 b6 9. b3 Bb7 10. Bb2 Rc8 11. Rac1 c5 12. dxc5 Bxc5 13. Qb1 Qe7 14. cxd5 exd5 15. e3 Ne4 16. Nxe4 dxe4 17. Nd2 Rfe8 1/2-1/2

[Event "Niederbayernliga 0405"]
[Site "Germany"]
[Date "2005.??.??"]
[Round "9"]
[White "Kreuzer, Klaus"]
[Black "Geller, Arpad"]
[Result "1/2-1/2"]
[WhiteElo "1995"]
[BlackElo "2114"]
[PlyCount "47"]
[EventDate "2004.??.??"]
[EventType "team"]
[EventRounds "9"]
[EventCountry "GER"]
[SourceTitle "EXT 2008"]
[Source "ChessBase"]
[SourceDate "2007.11.25"]
[SourceVersion "1"]
[SourceVersionDate "2007.11.25"]
[SourceQuality "1"]
[WhiteTeam "Ergolding"]
[BlackTeam "Passau II"]
[WhiteTeamCountry "GER"]
[BlackTeamCountry "GER"]

1. d4 Nf6 2. c4 g6 3. Nc3 Bg7 4. e4 d6 5. f3 0-0 6. Bg5 c5 7. d5 e6 8. Qd2 exd5 9. cxd5 a6 10. a4 Re8 11. Nge2 Nbd7 12. Ng3 Rb8 13. Be2 Qc7 14. 0-0 c4 15. Rac1 b5 16. axb5 axb5 17. b4 h5 18. Nh1 Qa7+ 19. Nf2 Qa3 20. Nb1 Qa4 21. Bd1 Qa1 22. Nc3 Qa3 23. Nb1 Qa1 24. Nc3 1/2-1/2

[Event "Niederbayernliga 0304"]
[Site "Germany"]
[Date "2003.??.??"]
[Round "3"]
[White "Geller, Arpad"]
[Black "Fuchs, Michael"]
[Result "1/2-1/2"]
[WhiteElo "2140"]
[BlackElo "2136"]
[PlyCount "34"]
[EventDate "2003.??.??"]
[EventType "team"]
[EventRounds "9"]
[EventCountry "GER"]
[SourceTitle "EXT 2008"]
[Source "ChessBase"]
[SourceDate "2007.11.25"]
[SourceVersion "1"]
[SourceVersionDate "2007.11.25"]
[SourceQuality "1"]
[WhiteTeam "Passau II"]
[BlackTeam "Haselbach"]
[WhiteTeamCountry "GER"]
[BlackTeamCountry "GER"]

1. d4 Nf6 2. c4 c6 3. Nc3 d5 4. Nf3 a6 5. cxd5 cxd5 6. Bf4 Nc6 7. e3 Bg4 8. h3 Bxf3 9. Qxf3 e6 10. Rc1 Qb6 11. Bd3 Qxb2 12. 0-0 Ba3 13. Rc2 Qb6 14. Rb1 Nb4 15. Nd1 Qa7 16. Rc3 Nxd3 17. Rxd3 Be7 1/2-1/2

[Event "Regionalliga SO 0001"]
[Site "Bayern"]
[Date "2001.03.11"]
[Round "7"]
[White "Kretschel, Klaus"]
[Black "Geller, Arpad"]
[Result "1-0"]
[WhiteElo "2075"]
[BlackElo "1774"]
[PlyCount "69"]
[EventDate "2000.10.15"]
[EventType "team-tourn"]
[EventRounds "9"]
[EventCountry "GER"]
[SourceTitle "EXT 2020"]
[Source "ChessBase"]
[SourceDate "2019.10.17"]
[SourceVersion "1"]
[SourceVersionDate "2019.10.17"]
[SourceQuality "1"]
[WhiteTeam "Unterpfaff Germering"]
[BlackTeam "Passau II"]
[WhiteTeamCountry "GER"]
[BlackTeamCountry "GER"]

1. d4 Nf6 2. Nf3 g6 3. Nbd2 d5 4. e3 Bg7 5. Bd3 c5 6. c3 Nc6 7. 0-0 0-0 8. dxc5 a5 9. e4 Bg4 10. Qc2 dxe4 11. Bxe4 Nxe4 12. Qxe4 Bf5 13. Qh4 Qd5 14. Nb3 a4 15. Nbd4 Qxc5 16. Bg5 Rfe8 17. Rfe1 a3 18. bxa3 Qxc3 19. Nxf5 gxf5 20. Rab1 Qxa3 21. Rxb7 Ra4 22. Qh5 Qxa2 23. Bh6 Qd5 24. h3 Bxh6 25. Qxh6 f6 26. Qh5 Rea8 27. Nh4 Ra1 28. Rxa1 Rxa1+ 29. Kh2 Qe5+ 30. g3 Qe4 31. Qf3 Qe1 32. Qg2 e6 33. Rc7 Ne5 34. f4 Rd1 35. Qa8+ 1-0